| 000 | 00493nam a22001577a 4500 | ||
|---|---|---|---|
| 999 |
_c80497 _d80497 |
||
| 008 | 201230b ||||| |||| 00| 0 eng d | ||
| 040 | _cSTAFF | ||
| 041 | _abulg. | ||
| 100 |
_aBrückner, Heinrich _d(1928-) |
||
| 240 | _aDenkst Du schon an Liebe | ||
| 245 |
_aMisliš li veče za ljubov/ _cHeinrich Brückner ; Borislav Antonov [Übersetzer] |
||
| 260 |
_aSofia: _bMedizina i fizkultura, _c1985. |
||
| 300 | _a152 S. : Ill. | ||
| 546 | _aText bulg., aus dem Dt. übersetzt. | ||
| 942 |
_2z _cB |
||